000 00341 a2200157 4500
001 11478
020 _a9788576752295
040 _cAnchieta - Aquarius
100 _aMachado, Ana Maria
240 1 0 _aABC do Brasil
_lpor
245 1 0 _aABC do Brasil
300 _a47
362 0 _a2008
650 4 _aLiteratura infanto-juvenil
942 _cBK
999 _c11478
_d11478